00410nam a22001097a 4500082001200000100001800012245015000030260003700180300001900217650003700236700002700273 a620.005 aAhmed, Rizwan aA Study of Barriers Impeding Workforce Diversity and Strategies Followed by Multinationals (Telecommunication Sector) in Pakistan /cRizwan Ahmed aIslamabad :bCEME - NUST,c2014. a86 p. ;c30cm. aEngineering Management-MS-Thesis aDr. Akhtar Nawaz Malik